000 00878cab a2200205 4500
001 L136891
008 070228n2005 000 0 eng u
035 _a(Sirsi) u136891
041 0 _aeng
100 1 _aWood, Brian
245 0 0 _aInnovative building maintenance
_h[electronic resource]
260 _aBrisbane
_bQueensland University of Technology
_c2005
490 0 _aCOBRA
_v2005
520 _aDiscusses building maintenance priorities in relation to user wants and needs. Stresses the maintenance and enhancement of peoples working and living environments and wellbeing, and the need to develop alternative approaches to building maintenance.
590 _aKA
651 4 _aInternational
690 _aRefurbishment
_96264
856 4 0 _uhttps://www.rics.org/site/scripts/download_info.aspx?downloadID=2610
_zView the item free of charge at www.rics.org...
942 _n0
999 _c78484
_d78484